000 004510000a22001690004500
003 MACL
005 20160108142750.0
008 160108b xxu||||| |||| 00| 0 eng d
040 _aMACL
_cMACL
041 _aEnglish
082 _a920/NEV
100 _aNevinson, Henry W
_924800
245 _aLife and Writings of Friedrich Schiller
260 _bThe Walter Scott publishing co Ltd
_aLondon
650 _aBiography
_929814
942 _cBK
_k920/NEV
_2ddc
999 _c36741
_d36741